| 000 | 00392nam a22001337a 4500 | ||
|---|---|---|---|
| 082 | _a342.954106 NAG | ||
| 100 | _aNagi, Mazhar Ilyas | ||
| 245 |
_aCivil Service Laws: _bUp-t-date Law and Case-Law) / _cMazhar Ilyas Nagi |
||
| 260 |
_aLahore : _bImran Law Book House, _c2020. |
||
| 300 | _c24 cm. | ||
| 942 |
_2ddc _cBK |
||
| 999 |
_c587097 _d587097 |
||